[Event "29. Klatovy A 2023"]
[Site "Klatovy"]
[Date "2023.07.05"]
[Round "5.2"]
[White "Slovak, Kilian"]
[Black "Horak, Martin"]
[Result "1/2-1/2"]
[WhiteElo "2297"]
[BlackElo "2266"]
[PlyCount "29"]
[EventDate "2023.07.01"]
[EventType "swiss"]
[EventRounds "9"]
[EventCountry "CZE"]
[TimeControl "120+30"]

1. e4 {[%emt 0:00:07]} c5 {[%emt 0:00:51]} 2. Nf3 {[%emt 0:00:09]} d6 {[%emt 0:00:14]} 3. d4 {[%emt 0:00:08]} cxd4 {[%emt 0:00:05]} 4. Nxd4 {[%emt 0:00:07]} Nf6 {[%emt 0:00:04]} 5. Nc3 {[%emt 0:00:09]} g6 {[%emt 0:00:06]} 6. Be3 {[%emt 0:00:14]} Bg7 {[%emt 0:00:05]} 7. f3 {[%emt 0:00:10]} O-O {[%emt 0:00:05]} 8. Qd2 {[%emt 0:00:13]} Nc6 {[%emt 0:00:05]} 9. Bc4 {[%emt 0:00:10]} Nxd4 {[%emt 0:00:07]} 10. Bxd4 {[%emt 0:00:08]} Be6 {[%emt 0:00:04]} 11. Bb3 {[%emt 0:00:22]} Qa5 {[%emt 0:00:05]} 12. O-O-O {[%emt 0:05:47]} b5 {[%emt 0:01:12]} 13. Kb1 {[%emt 0:02:29]} b4 {[%emt 0:01:20]} 14. Nd5 {[%emt 0:02:19]} Bxd5 {[%emt 0:00:18]} 15. exd5 {[%emt 0:00:44]} 1/2-1/2

[Event "29. Klatovy A 2023"]
[Site "Klatovy"]
[Date "2023.07.05"]
[Round "5.3"]
[White "Jun, Rudolf"]
[Black "Straka, Vojtech"]
[Result "0-1"]
[WhiteElo "2223"]
[BlackElo "2433"]
[PlyCount "84"]
[EventDate "2023.07.01"]
[EventType "swiss"]
[EventRounds "9"]
[EventCountry "CZE"]
[TimeControl "120+30"]

1. e4 {[%emt 0:00:01]} c5 {[%emt 0:00:31]} 2. Nf3 {[%emt 0:00:11]} e6 {[%emt 0:00:23]} 3. g3 {[%emt 0:04:26]} Nf6 {[%emt 0:04:54]} 4. d3 {[%emt 0:03:15]} d5 {[%emt 0:01:19]} 5. exd5 {[%emt 0:00:20]} Nxd5 {[%emt 0:02:31]} 6. Bg2 {[%emt 0:00:28]} Be7 {[%emt 0:03:01]} 7. O-O {[%emt 0:00:06]} Nc6 {[%emt 0:00:48]} 8. d4 {[%emt 0:07:35]} cxd4 {[%emt 0:04:37]} 9. Nxd4 {[%emt 0:00:19]} Nxd4 {[%emt 0:00:37]} 10. Qxd4 {[%emt 0:00:09]} O-O {[%emt 0:00:46]} 11. c4 {[%emt 0:17:30]} Nb4 {[%emt 0:09:09]} 12. Qc3 {[%emt 0:03:26]} Nc6 {[%emt 0:13:09]} 13. Be3 {[%emt 0:03:30]} e5 {[%emt 0:08:55]} 14. Na3 {[%emt 0:05:28]} Bb4 {[%emt 0:13:30]} 15. Qb3 {[%emt 0:05:31]} Qe7 {[%emt 0:02:25]} 16. Nb5 {[%emt 0:12:17]} Be6 {[%emt 0:09:13]} 17. a3 {[%emt 0:05:22]} Bc5 {[%emt 0:04:55]} 18. Bd5 {[%emt 0:05:18]} Rad8 {[%emt 0:19:46]} 19. Rad1 {[%emt 0:19:40]} Bg4 {[%emt 0:01:16]} 20. Rd2 {[%emt 0:02:07]} a6 {[%emt 0:01:51]} 21. Nc3 {[%emt 0:02:56]} Bxe3 {[%emt 0:03:59]} 22. fxe3 {[%emt 0:00:06]} Kh8 {[%emt 0:00:13]} 23. Qb6 {[%emt 0:05:11]} f5 {[%emt 0:01:24]} 24. Rff2 {[%emt 0:03:33]} Rc8 {[%emt 0:04:25]} 25. Bxc6 {[%emt 0:07:41]} Rxc6 {[%emt 0:00:08]} 26. Nd5 {[%emt 0:00:31]} Qf7 {[%emt 0:01:10]} 27. Qb4 {[%emt 0:01:41]} Re8 {[%emt 0:01:21]} 28. c5 {[%emt 0:03:04]} Qh5 {[%emt 0:01:38]} 29. Qxb7 {[%emt 0:03:28]} Rxc5 {[%emt 0:02:03]} 30. Nc7 {[%emt 0:03:35]} Qf7 {[%emt 0:03:56]} 31. Rc2 {[%emt 0:00:48]} Rxc2 {[%emt 0:00:17]} 32. Rxc2 {[%emt 0:00:01]} Rd8 {[%emt 0:00:11]} 33. Qc6 {[%emt 0:03:34]} f4 {[%emt 0:02:14]} 34. gxf4 {[%emt 0:02:26]} exf4 {[%emt 0:00:15]} 35. e4 {[%emt 0:01:16]} Qh5 {[%emt 0:03:36]} 36. Rd2 {[%emt 0:01:01]} Rg8 {[%emt 0:02:36]} 37. Qd5 {[%emt 0:00:33]} Qh4 {[%emt 0:00:23]} 38. Rf2 {[%emt 0:00:29]} Bh3 {[%emt 0:00:54]} 39. Qd2 {[%emt 0:00:30]} Qg4+ {[%emt 0:02:29]} 40. Kh1 {[%emt 0:00:01]} f3 {[%emt 0:00:13]} 41. Qe3 {[%emt 0:01:00]} Rf8 {[%emt 0:00:17]} 42. Nd5 {[%emt 0:00:25]} Qg2+ {[%emt 0:00:06]} 0-1

[Event "29. Klatovy A 2023"]
[Site "Klatovy"]
[Date "2023.07.05"]
[Round "5.4"]
[White "Soural, Jan"]
[Black "Hurdzan, Tomas"]
[Result "1/2-1/2"]
[WhiteElo "2176"]
[BlackElo "2309"]
[PlyCount "62"]
[EventDate "2023.07.01"]
[EventType "swiss"]
[EventRounds "9"]
[EventCountry "CZE"]
[TimeControl "120+30"]

1. c4 {[%emt 0:00:01]} Nf6 {[%emt 0:00:29]} 2. Nf3 {[%emt 0:00:18]} g6 {[%emt 0:00:24]} 3. Nc3 {[%emt 0:00:55]} Bg7 {[%emt 0:00:06]} 4. d4 {[%emt 0:00:46]} d5 {[%emt 0:01:03]} 5. Bf4 {[%emt 0:04:05]} O-O {[%emt 0:00:38]} 6. Rc1 {[%emt 0:06:28]} Be6 {[%emt 0:03:36]} 7. c5 {[%emt 0:16:37]} Nh5 {[%emt 0:07:02]} 8. Bg3 {[%emt 0:13:14]} c6 {[%emt 0:09:49]} 9. e3 {[%emt 0:01:46]} Nxg3 {[%emt 0:01:27]} 10. hxg3 {[%emt 0:00:14]} Bg4 {[%emt 0:19:36]} 11. Qb3 {[%emt 0:00:11]} b6 {[%emt 0:01:40]} 12. cxb6 {[%emt 0:07:23]} axb6 {[%emt 0:01:50]} 13. Be2 {[%emt 0:03:35]} Nd7 {[%emt 0:08:16]} 14. O-O {[%emt 0:03:05]} Qb8 {[%emt 0:08:29]} 15. Ne1 {[%emt 0:21:59]} Bxe2 {[%emt 0:01:35]} 16. Nxe2 {[%emt 0:00:06]} Qd6 {[%emt 0:04:26]} 17. Nc2 {[%emt 0:10:09]} Rfc8 {[%emt 0:02:28]} 18. Rfd1 {[%emt 0:01:04]} h5 {[%emt 0:03:40]} 19. a3 {[%emt 0:00:29]} b5 {[%emt 0:11:35]} 20. Nf4 {[%emt 0:06:26]} e5 {[%emt 0:06:05]} 21. dxe5 {[%emt 0:08:36]} Bxe5 {[%emt 0:00:24]} 22. Nd4 {[%emt 0:09:09]} Nb6 {[%emt 0:05:28]} 23. Nd3 {[%emt 0:01:55]} Bf6 {[%emt 0:00:39]} 24. Qb4 {[%emt 0:01:52]} Qd7 {[%emt 0:01:47]} 25. Nc5 {[%emt 0:01:17]} Qe8 {[%emt 0:03:32]} 26. b3 {[%emt 0:03:55]} Be7 {[%emt 0:00:32]} 27. a4 {[%emt 0:00:21]} Nd7 {[%emt 0:12:31]} 28. Nxd7 {[%emt 0:00:08]} Qxd7 {[%emt 0:00:03]} 29. Qc3 {[%emt 0:03:07]} bxa4 {[%emt 0:00:04]} 30. bxa4 {[%emt 0:00:05]} c5 {[%emt 0:01:06]} 31. Ne2 {[%emt 0:03:37]} Qxa4 {[%emt 0:06:01]} 1/2-1/2

[Event "29. Klatovy A 2023"]
[Site "Klatovy"]
[Date "2023.07.05"]
[Round "5.5"]
[White "Skypala, Ondrej"]
[Black "Jurek, Josef"]
[Result "0-1"]
[WhiteElo "2163"]
[BlackElo "2251"]
[PlyCount "64"]
[EventDate "2023.07.01"]
[EventType "swiss"]
[EventRounds "9"]
[EventCountry "CZE"]
[TimeControl "120+30"]

1. c4 {[%emt 0:00:46]} e6 {[%emt 0:00:17]} 2. g3 {[%emt 0:00:10]} d5 {[%emt 0:00:25]} 3. Bg2 {[%emt 0:00:21]} c6 {[%emt 0:00:33]} 4. Nf3 {[%emt 0:00:12]} b5 {[%emt 0:00:54]} 5. b3 {[%emt 0:10:02]} Ba6 {[%emt 0:01:14]} 6. cxd5 {[%emt 0:01:01]} cxd5 {[%emt 0:00:28]} 7. O-O {[%emt 0:00:14]} Nf6 {[%emt 0:01:15]} 8. d4 {[%emt 0:03:59]} Be7 {[%emt 0:02:38]} 9. Ne5 {[%emt 0:02:32]} O-O {[%emt 0:02:08]} 10. Nd2 {[%emt 0:05:46]} Qb6 {[%emt 0:05:39]} 11. Ndf3 {[%emt 0:00:40]} Ne4 {[%emt 0:02:58]} 12. a3 {[%emt 0:07:51]} b4 {[%emt 0:05:33]} 13. Nd3 {[%emt 0:04:16]} Nc6 {[%emt 0:03:31]} 14. axb4 {[%emt 0:00:08]} Nxb4 {[%emt 0:04:32]} 15. Nfe5 {[%emt 0:08:13]} Bxd3 {[%emt 0:06:05]} 16. Nxd3 {[%emt 0:00:14]} Nc3 {[%emt 0:08:40]} 17. Qd2 {[%emt 0:03:44]} Qxd4 {[%emt 0:00:57]} 18. Nxb4 {[%emt 0:01:47]} Bxb4 {[%emt 0:02:55]} 19. Ra2 {[%emt 0:08:51]} Qxd2 {[%emt 0:07:53]} 20. Rxd2 {[%emt 0:00:40]} Rfc8 {[%emt 0:02:54]} 21. Bf3 {[%emt 0:00:50]} a5 {[%emt 0:07:45]} 22. Kg2 {[%emt 0:00:48]} Rc6 {[%emt 0:03:40]} 23. Rd3 {[%emt 0:01:17]} Rac8 {[%emt 0:02:22]} 24. Bb2 {[%emt 0:01:48]} Nb5 {[%emt 0:03:40]} 25. e4 {[%emt 0:00:18]} Rc2 {[%emt 0:02:11]} 26. Bd4 {[%emt 0:00:26]} dxe4 {[%emt 0:08:51]} 27. Bxe4 {[%emt 0:00:10]} f5 {[%emt 0:00:48]} 28. Bb7 {[%emt 0:02:31]} Rd8 {[%emt 0:03:58]} 29. Rfd1 {[%emt 0:00:22]} Nxd4 {[%emt 0:01:49]} 30. Rxd4 {[%emt 0:00:06]} Rxd4 {[%emt 0:01:46]} 31. Rxd4 {[%emt 0:00:08]} Bc5 {[%emt 0:01:05]} 32. Rf4 {[%emt 0:00:09]} g5 {[%emt 0:01:47]} 0-1

[Event "29. Klatovy A 2023"]
[Site "Klatovy"]
[Date "2023.07.05"]
[Round "5.6"]
[White "Folkova, Martina"]
[Black "Flajsman, Pavel"]
[Result "0-1"]
[WhiteElo "2049"]
[BlackElo "2192"]
[PlyCount "144"]
[EventDate "2023.07.01"]
[EventType "swiss"]
[EventRounds "9"]
[EventCountry "CZE"]
[TimeControl "120+30"]

1. e4 {[%emt 0:00:56]} e5 {[%emt 0:00:05]} 2. Nf3 {[%emt 0:00:05]} Nc6 {[%emt 0:00:04]} 3. Bc4 {[%emt 0:00:11]} Bc5 {[%emt 0:01:02]} 4. c3 {[%emt 0:00:11]} Nf6 {[%emt 0:00:15]} 5. d4 {[%emt 0:00:08]} exd4 {[%emt 0:00:06]} 6. cxd4 {[%emt 0:00:08]} Bb4+ {[%emt 0:00:05]} 7. Nc3 {[%emt 0:00:13]} Nxe4 {[%emt 0:01:55]} 8. O-O {[%emt 0:00:12]} Bxc3 {[%emt 0:00:13]} 9. d5 {[%emt 0:00:07]} Ne5 {[%emt 0:01:22]} 10. Qe2 {[%emt 0:02:57]} O-O {[%emt 0:07:31]} 11. bxc3 {[%emt 0:12:13]} Nxc4 {[%emt 0:00:17]} 12. Qxe4 {[%emt 0:01:32]} Nd6 {[%emt 0:00:05]} 13. Qd3 {[%emt 0:01:24]} Qf6 {[%emt 0:23:58]} 14. Re1 {[%emt 0:14:18]} b6 {[%emt 0:09:46]} 15. Ba3 {[%emt 0:03:21]} Bb7 {[%emt 0:01:45]} 16. Ne5 {[%emt 0:02:45]} Rfe8 {[%emt 0:20:51]} 17. Ng4 {[%emt 0:29:53]} Qf4 {[%emt 0:16:08]} 18. Ne3 {[%emt 0:03:09]} Qe4 {[%emt 0:18:45]} 19. Qd2 {[%emt 0:01:38]} Nc4 {[%emt 0:07:45]} 20. Nxc4 {[%emt 0:00:52]} Qxc4 {[%emt 0:00:03]} 21. Rxe8+ {[%emt 0:01:25]} Rxe8 {[%emt 0:00:00]} 22. Re1 {[%emt 0:00:24]} Rxe1+ {[%emt 0:04:01]} 23. Qxe1 {[%emt 0:00:06]} h6 {[%emt 0:00:04]} 24. f3 {[%emt 0:14:22]} Qxd5 {[%emt 0:01:59]} 25. Qe8+ {[%emt 0:06:42]} Kh7 {[%emt 0:00:01]} 26. h3 {[%emt 0:00:35]} Qxa2 {[%emt 0:02:48]} 27. Bf8 {[%emt 0:01:40]} Qa1+ {[%emt 0:06:03]} 28. Kh2 {[%emt 0:02:08]} Qxc3 {[%emt 0:00:02]} 29. Qxd7 {[%emt 0:01:11]} Qe5+ {[%emt 0:00:47]} 30. Kg1 {[%emt 0:00:23]} Qe1+ {[%emt 0:00:04]} 31. Kh2 {[%emt 0:00:27]} Qe5+ {[%emt 0:00:02]} 32. Kg1 {[%emt 0:00:28]} Bd5 {[%emt 0:01:42]} 33. Be7 {[%emt 0:05:07]} Be6 {[%emt 0:01:49]} 34. Qd8 {[%emt 0:01:13]} Qe1+ {[%emt 0:00:10]} 35. Kh2 {[%emt 0:00:05]} Qe5+ {[%emt 0:00:03]} 36. Kh1 {[%emt 0:00:43]} a5 {[%emt 0:00:48]} 37. Bh4 {[%emt 0:01:09]} a4 {[%emt 0:03:06]} 38. Bf2 {[%emt 0:00:57]} b5 {[%emt 0:01:56]} 39. Qd3+ {[%emt 0:05:08]} Bf5 {[%emt 0:00:30]} 40. Qa3 {[%emt 0:00:16]} Qd5 {[%emt 0:00:39]} 41. Qc3 {[%emt 0:02:53]} c6 {[%emt 0:00:58]} 42. Bc5 {[%emt 0:02:30]} Qb3 {[%emt 0:01:10]} 43. Qe5 {[%emt 0:00:33]} Qe6 {[%emt 0:00:05]} 44. Qc3 {[%emt 0:00:48]} Qe8 {[%emt 0:00:50]} 45. Ba3 {[%emt 0:02:36]} Be6 {[%emt 0:00:25]} 46. Qd3+ {[%emt 0:01:05]} Kg8 {[%emt 0:00:04]} 47. Qc3 {[%emt 0:00:44]} Bd5 {[%emt 0:00:11]} 48. Qc5 {[%emt 0:03:13]} Qe1+ {[%emt 0:00:08]} 49. Kh2 {[%emt 0:00:04]} Qe5+ {[%emt 0:00:08]} 50. Kh1 {[%emt 0:00:30]} Qf5 {[%emt 0:00:22]} 51. Qf8+ {[%emt 0:00:54]} Kh7 {[%emt 0:00:00]} 52. Bd6 {[%emt 0:01:54]} Bc4 {[%emt 0:02:11]} 53. Kg1 {[%emt 0:02:03]} Qb1+ {[%emt 0:00:07]} 54. Kh2 {[%emt 0:00:09]} Qg6 {[%emt 0:00:08]} 55. Kg1 {[%emt 0:02:17]} Be2 {[%emt 0:00:47]} 56. Kf2 {[%emt 0:01:20]} Bc4 {[%emt 0:00:36]} 57. Kg1 {[%emt 0:00:24]} Qb1+ {[%emt 0:00:18]} 58. Kh2 {[%emt 0:00:11]} Be6 {[%emt 0:01:36]} 59. Be5 {[%emt 0:00:36]} f6 {[%emt 0:00:10]} 60. Bc3 {[%emt 0:03:06]} Qc2 {[%emt 0:00:34]} 61. Bb4 {[%emt 0:01:06]} Bc4 {[%emt 0:00:35]} 62. Qc5 {[%emt 0:00:28]} Bd3 {[%emt 0:00:41]} 63. Qd4 {[%emt 0:00:25]} Bf1 {[%emt 0:00:22]} 64. Qg1 {[%emt 0:00:23]} Qe2 {[%emt 0:00:15]} 65. Bd6 {[%emt 0:00:26]} Kg6 {[%emt 0:00:34]} 66. Kg3 {[%emt 0:00:41]} h5 {[%emt 0:00:19]} 67. h4 {[%emt 0:00:16]} Kh7 {[%emt 0:00:48]} 68. Bc5 {[%emt 0:00:45]} Bxg2 {[%emt 0:00:32]} 69. Qb1+ {[%emt 0:01:02]} g6 {[%emt 0:00:29]} 70. Qb4 {[%emt 0:00:59]} Qxf3+ {[%emt 0:00:06]} 71. Kh2 {[%emt 0:00:04]} Qh3+ {[%emt 0:00:07]} 72. Kg1 {[%emt 0:00:04]} Bd5 {[%emt 0:01:17]} 0-1

[Event "29. Klatovy A 2023"]
[Site "Klatovy"]
[Date "2023.07.05"]
[Round "5.7"]
[White "Janous, Marek"]
[Black "Filindash, Nikita"]
[Result "1-0"]
[WhiteElo "2185"]
[BlackElo "2011"]
[PlyCount "45"]
[EventDate "2023.07.01"]
[EventType "swiss"]
[EventRounds "9"]
[EventCountry "CZE"]
[TimeControl "120+30"]

1. d4 {[%emt 0:03:33]} d5 {[%emt 0:00:16]} 2. c4 {[%emt 0:00:05]} e6 {[%emt 0:00:04]} 3. Nc3 {[%emt 0:00:05]} c6 {[%emt 0:00:52]} 4. e4 {[%emt 0:00:17]} dxe4 {[%emt 0:00:03]} 5. Nxe4 {[%emt 0:00:07]} Bb4+ {[%emt 0:00:06]} 6. Bd2 {[%emt 0:00:06]} Qxd4 {[%emt 0:00:04]} 7. Bxb4 {[%emt 0:00:05]} Qxe4+ {[%emt 0:00:05]} 8. Be2 {[%emt 0:00:06]} Na6 {[%emt 0:00:17]} 9. Ba5 {[%emt 0:00:09]} b6 {[%emt 0:00:26]} 10. Qd6 {[%emt 0:00:07]} Bd7 {[%emt 0:01:14]} 11. Bc3 {[%emt 0:01:27]} f6 {[%emt 0:02:01]} 12. Rd1 {[%emt 0:00:19]} O-O-O {[%emt 0:06:20]} 13. Qa3 {[%emt 0:00:53]} Kb7 {[%emt 0:03:46]} 14. Nf3 {[%emt 0:05:07]} Nh6 {[%emt 0:06:32]} 15. c5 {[%emt 1:04:19]} Nc7 {[%emt 0:12:45]} 16. cxb6 {[%emt 0:01:13]} axb6 {[%emt 0:00:13]} 17. Nd2 {[%emt 0:02:00]} Qxg2 {[%emt 0:10:03]} 18. Bf3 {[%emt 0:00:25]} Qh3 {[%emt 0:00:18]} 19. Bxf6 {[%emt 0:18:36]} e5 {[%emt 0:11:57]} 20. Bxd8 {[%emt 0:03:54]} Rxd8 {[%emt 0:00:45]} 21. Nc4 {[%emt 0:00:17]} Nb5 {[%emt 0:04:02]} 22. Bxc6+ {[%emt 0:02:26]} Kxc6 {[%emt 0:00:47]} 23. Qxh3 {[%emt 0:00:32]} 1-0

[Event "29. Klatovy A 2023"]
[Site "Klatovy"]
[Date "2023.07.05"]
[Round "5.8"]
[White "Zhang, Brian"]
[Black "Dvorak, Jan"]
[Result "1/2-1/2"]
[WhiteElo "1821"]
[BlackElo "2176"]
[PlyCount "76"]
[EventDate "2023.07.01"]
[EventType "swiss"]
[EventRounds "9"]
[EventCountry "CZE"]
[TimeControl "120+30"]

1. e4 {[%emt 0:00:05]} e6 {[%emt 0:00:07]} 2. d4 {[%emt 0:00:13]} d5 {[%emt 0:00:06]} 3. Nc3 {[%emt 0:00:44]} Bb4 {[%emt 0:00:08]} 4. e5 {[%emt 0:00:50]} c5 {[%emt 0:00:22]} 5. a3 {[%emt 0:00:26]} Bxc3+ {[%emt 0:00:07]} 6. bxc3 {[%emt 0:00:07]} Qa5 {[%emt 0:00:09]} 7. Bd2 {[%emt 0:04:07]} Qa4 {[%emt 0:02:05]} 8. Qg4 {[%emt 0:05:56]} Kf8 {[%emt 0:01:14]} 9. Nf3 {[%emt 0:19:41]} Nc6 {[%emt 0:06:40]} 10. h4 {[%emt 0:14:03]} Nge7 {[%emt 0:15:29]} 11. h5 {[%emt 0:18:46]} h6 {[%emt 0:03:02]} 12. Bd3 {[%emt 0:15:00]} c4 {[%emt 0:04:16]} 13. Be2 {[%emt 0:00:38]} Qxc2 {[%emt 0:00:53]} 14. Rc1 {[%emt 0:09:18]} Qe4 {[%emt 0:12:08]} 15. Qxe4 {[%emt 0:25:14]} dxe4 {[%emt 0:00:11]} 16. Ng1 {[%emt 0:00:29]} b5 {[%emt 0:03:47]} 17. Rh4 {[%emt 0:04:21]} a5 {[%emt 0:09:28]} 18. a4 {[%emt 0:04:19]} Ba6 {[%emt 0:02:54]} 19. Rxe4 {[%emt 0:01:17]} Nd5 {[%emt 0:02:47]} 20. axb5 {[%emt 0:04:12]} Bxb5 {[%emt 0:01:33]} 21. Rb1 {[%emt 0:00:39]} Rb8 {[%emt 0:03:19]} 22. Bd1 {[%emt 0:00:33]} Ke7 {[%emt 0:00:07]} 23. Ne2 {[%emt 0:00:30]} a4 {[%emt 0:10:49]} 24. Bc1 {[%emt 0:00:31]} Na5 {[%emt 0:01:08]} 25. Ba3+ {[%emt 0:00:16]} Kd7 {[%emt 0:00:02]} 26. Rxb5 {[%emt 0:00:35]} Rxb5 {[%emt 0:03:19]} 27. Bxa4 {[%emt 0:00:06]} Kc6 {[%emt 0:01:01]} 28. Rg4 {[%emt 0:00:59]} Rg8 {[%emt 0:00:09]} 29. Bc1 {[%emt 0:00:37]} Ne7 {[%emt 0:00:39]} 30. Ba3 {[%emt 0:00:30]} Nd5 {[%emt 0:00:05]} 31. Bc1 {[%emt 0:00:31]} Ne7 {[%emt 0:00:04]} 32. Ng3 {[%emt 0:00:30]} Kb6 {[%emt 0:00:50]} 33. Bxb5 {[%emt 0:00:13]} Kxb5 {[%emt 0:00:02]} 34. Ne4 {[%emt 0:00:31]} Ka4 {[%emt 0:00:32]} 35. Nc5+ {[%emt 0:00:45]} Kb5 {[%emt 0:00:30]} 36. Ne4 {[%emt 0:00:33]} Ka4 {[%emt 0:00:04]} 37. Nc5+ {[%emt 0:00:30]} Kb5 {[%emt 0:00:04]} 38. Ne4 {[%emt 0:00:30]} Ka4 {[%emt 0:00:29]} 1/2-1/2

[Event "29. Klatovy A 2023"]
[Site "Klatovy"]
[Date "2023.07.05"]
[Round "5.9"]
[White "Kupsa, Matej 2001"]
[Black "Flajsman, Petr"]
[Result "1-0"]
[WhiteElo "2145"]
[BlackElo "1956"]
[PlyCount "93"]
[EventDate "2023.07.01"]
[EventType "swiss"]
[EventRounds "9"]
[EventCountry "CZE"]
[TimeControl "120+30"]

1. Nf3 {[%emt 18:50:50]} Nf6 2. b3 {[%emt 0:04:22]} d5 {[%emt 0:03:46]} 3. Bb2 {[%emt 0:01:36]} c5 {[%emt 0:00:11]} 4. e3 {[%emt 0:01:34]} e6 {[%emt 0:07:10]} 5. c4 {[%emt 0:00:06]} Be7 {[%emt 0:04:19]} 6. Nc3 {[%emt 0:01:31]} O-O {[%emt 0:00:45]} 7. cxd5 {[%emt 0:06:41]} exd5 {[%emt 0:01:01]} 8. d4 {[%emt 0:05:14]} Nc6 {[%emt 0:02:48]} 9. Be2 {[%emt 0:07:30]} Bg4 {[%emt 0:10:37]} 10. dxc5 {[%emt 0:05:10]} Bxc5 {[%emt 0:00:08]} 11. O-O {[%emt 0:04:10]} Be6 {[%emt 0:04:18]} 12. Rc1 {[%emt 0:05:16]} Be7 {[%emt 0:01:53]} 13. Nd4 {[%emt 0:02:04]} Rc8 {[%emt 0:23:45]} 14. Na4 {[%emt 0:20:54]} Nxd4 {[%emt 0:18:51]} 15. Qxd4 {[%emt 0:03:57]} b6 {[%emt 0:00:13]} 16. Rxc8 {[%emt 0:03:19]} Qxc8 {[%emt 0:01:38]} 17. Rc1 {[%emt 0:00:03]} Qb7 {[%emt 0:01:00]} 18. Bf3 {[%emt 0:06:35]} Rd8 {[%emt 0:06:45]} 19. Nc3 {[%emt 0:07:49]} h6 {[%emt 0:07:47]} 20. Nb5 {[%emt 0:13:37]} Rc8 {[%emt 0:05:02]} 21. Rxc8+ {[%emt 0:02:08]} Bxc8 {[%emt 0:00:08]} 22. Qe5 {[%emt 0:04:44]} Qd7 {[%emt 0:04:49]} 23. Qc7 {[%emt 0:12:06]} Qxb5 {[%emt 0:12:18]} 24. Qxc8+ {[%emt 0:00:07]} Kh7 {[%emt 0:00:21]} 25. Qf5+ {[%emt 0:00:32]} g6 {[%emt 0:00:31]} 26. Qe5 {[%emt 0:02:11]} Qd3 {[%emt 0:01:34]} 27. g3 {[%emt 0:01:10]} Bd8 {[%emt 0:00:28]} 28. Kg2 {[%emt 0:01:27]} g5 {[%emt 0:01:01]} 29. h3 {[%emt 0:00:30]} Qc2 {[%emt 0:01:03]} 30. Bd4 {[%emt 0:01:15]} Qc6 {[%emt 0:01:49]} 31. Qf5+ {[%emt 0:00:59]} Kg8 {[%emt 0:00:32]} 32. Qe5 {[%emt 0:02:56]} Qe6 {[%emt 0:01:15]} 33. Qb8 {[%emt 0:01:48]} Qe7 {[%emt 0:00:01]} 34. Qc8 {[%emt 0:01:39]} Ne4 {[%emt 0:00:27]} 35. Qc6 {[%emt 0:01:03]} Qe6 {[%emt 0:00:04]} 36. Qa8 {[%emt 0:00:26]} Qd6 {[%emt 0:01:18]} 37. Bxe4 {[%emt 0:00:20]} dxe4 {[%emt 0:00:05]} 38. Qxe4 {[%emt 0:00:03]} a5 {[%emt 0:01:05]} 39. Qe8+ {[%emt 0:00:17]} Qf8 {[%emt 0:00:40]} 40. Qxf8+ {[%emt 0:00:28]} Kxf8 {[%emt 0:00:01]} 41. Kf3 {[%emt 0:00:08]} Ke7 {[%emt 0:02:14]} 42. Ke4 {[%emt 0:00:17]} Ke6 {[%emt 0:00:07]} 43. g4 {[%emt 0:00:09]} f6 {[%emt 0:00:08]} 44. a4 {[%emt 0:00:26]} Bc7 {[%emt 0:00:45]} 45. f4 {[%emt 0:00:44]} Bd8 {[%emt 0:00:18]} 46. Bb2 {[%emt 0:00:46]} Be7 {[%emt 0:00:21]} 47. f5+ {[%emt 0:01:45]} 1-0

[Event "29. Klatovy A 2023"]
[Site "Klatovy"]
[Date "2023.07.05"]
[Round "5.10"]
[White "Kishore, Kumar Jaganathan"]
[Black "Jordanov, Mihail"]
[Result "1-0"]
[WhiteElo "1860"]
[BlackElo "2140"]
[PlyCount "89"]
[EventDate "2023.07.01"]
[EventType "swiss"]
[EventRounds "9"]
[EventCountry "CZE"]
[TimeControl "120+30"]

1. d4 {[%emt 0:00:44]} d5 {[%emt 0:00:20]} 2. c4 {[%emt 0:00:07]} c6 {[%emt 0:00:05]} 3. Nf3 {[%emt 0:00:28]} Nf6 {[%emt 0:00:17]} 4. g3 {[%emt 0:00:07]} Bf5 {[%emt 0:00:14]} 5. Nc3 {[%emt 0:00:31]} e6 {[%emt 0:00:26]} 6. Nh4 {[%emt 0:00:28]} dxc4 {[%emt 0:01:10]} 7. Nxf5 {[%emt 0:00:43]} exf5 {[%emt 0:00:07]} 8. e3 {[%emt 0:00:38]} Nbd7 {[%emt 0:00:29]} 9. Bxc4 {[%emt 0:00:23]} Nb6 {[%emt 0:00:59]} 10. Bb3 {[%emt 0:00:31]} Qd7 {[%emt 0:00:56]} 11. f3 {[%emt 0:02:06]} O-O-O {[%emt 0:11:10]} 12. Bd2 {[%emt 0:03:02]} h5 {[%emt 0:03:29]} 13. Qe2 {[%emt 0:00:40]} h4 {[%emt 0:05:41]} 14. O-O-O {[%emt 0:03:57]} hxg3 {[%emt 0:05:09]} 15. hxg3 {[%emt 0:00:07]} Bd6 {[%emt 0:01:50]} 16. Rxh8 {[%emt 0:17:08]} Rxh8 {[%emt 0:09:26]} 17. Be1 {[%emt 0:02:00]} Re8 {[%emt 0:18:08]} 18. e4 {[%emt 0:03:27]} Bb4 {[%emt 0:02:04]} 19. e5 {[%emt 0:00:45]} Nfd5 {[%emt 0:02:15]} 20. f4 {[%emt 0:15:11]} Be7 {[%emt 0:05:19]} 21. a4 {[%emt 0:07:27]} Rh8 {[%emt 0:06:10]} 22. a5 {[%emt 0:06:46]} Na8 {[%emt 0:00:26]} 23. Nxd5 {[%emt 0:07:28]} cxd5 {[%emt 0:00:07]} 24. Kb1 {[%emt 0:00:29]} Nc7 {[%emt 0:06:29]} 25. Rc1 {[%emt 0:00:57]} Kb8 {[%emt 0:00:36]} 26. Qc2 {[%emt 0:03:27]} Na6 {[%emt 0:01:58]} 27. Ba4 {[%emt 0:01:28]} Qe6 {[%emt 0:00:05]} 28. g4 {[%emt 0:05:04]} g6 {[%emt 0:15:22]} 29. gxf5 {[%emt 0:00:17]} Qxf5 {[%emt 0:01:04]} 30. Qxf5 {[%emt 0:00:18]} gxf5 {[%emt 0:00:02]} 31. Bd7 {[%emt 0:08:44]} Nc7 {[%emt 0:04:27]} 32. Bxf5 {[%emt 0:01:08]} Ne6 {[%emt 0:04:38]} 33. Bxe6 {[%emt 0:09:33]} fxe6 {[%emt 0:00:06]} 34. Bc3 {[%emt 0:00:13]} Rh7 {[%emt 0:02:45]} 35. a6 {[%emt 0:04:56]} bxa6 {[%emt 0:04:18]} 36. Ba5 {[%emt 0:00:41]} Bh4 {[%emt 0:04:58]} 37. Rh1 {[%emt 0:03:52]} Rh6 {[%emt 0:00:47]} 38. f5 {[%emt 0:01:05]} exf5 {[%emt 0:01:59]} 39. Bd2 {[%emt 0:00:44]} Rh8 {[%emt 0:04:08]} 40. Bg5 {[%emt 0:01:20]} Rh5 {[%emt 0:00:05]} 41. Bxh4 {[%emt 0:00:17]} f4 {[%emt 0:00:06]} 42. e6 {[%emt 0:00:12]} Rh8 {[%emt 0:00:59]} 43. e7 {[%emt 0:00:53]} Kc8 {[%emt 0:00:08]} 44. Re1 {[%emt 0:00:20]} Kd7 {[%emt 0:00:40]} 45. Bf6 {[%emt 0:02:34]} 1-0

[Event "29. Klatovy A 2023"]
[Site "Klatovy"]
[Date "2023.07.05"]
[Round "5.11"]
[White "Hladky, Tadeas"]
[Black "Munk, Petr"]
[Result "1/2-1/2"]
[WhiteElo "2046"]
[BlackElo "2096"]
[PlyCount "22"]
[EventDate "2023.07.01"]
[EventType "swiss"]
[EventRounds "9"]
[EventCountry "CZE"]
[TimeControl "120+30"]

1. e4 {[%emt 0:00:02]} g6 {[%emt 0:00:26]} 2. d4 {[%emt 0:00:09]} d6 {[%emt 0:00:06]} 3. Nc3 {[%emt 0:00:13]} Bg7 {[%emt 0:00:15]} 4. f4 {[%emt 0:00:27]} a6 {[%emt 0:00:24]} 5. Nf3 {[%emt 0:00:09]} b5 {[%emt 0:00:08]} 6. Bd3 {[%emt 0:00:08]} Bb7 {[%emt 0:03:11]} 7. O-O {[%emt 0:03:46]} Nd7 {[%emt 0:00:06]} 8. e5 {[%emt 0:01:58]} c5 {[%emt 0:01:57]} 9. Be4 {[%emt 0:02:34]} Bxe4 {[%emt 0:02:40]} 10. Nxe4 {[%emt 0:00:11]} cxd4 {[%emt 0:00:43]} 11. exd6 {[%emt 0:01:51]} Qb6 {[%emt 0:08:21]} 1/2-1/2